00285 a2200109 4500001000700000020000600007040001100013100002500024240006100049245005600110362000900166167529 a  cMagnum aMolina Neto, Vicente10aA pratica do esporte nas escolas de 1º e 2º grauslpor10aA pratica do esporte nas escolas de 1º e 2º graus0 a1899